La edad de oro

Na minha lista:
Detalhes bibliográficos
Autor principal: Martí, José
Formato: Livro
Idioma:Undetermined
Publicado em: Buenos Aires, Argentina Huemul 1966
Edição:2
Assuntos:
Tags: Adicionar Tag
Sem tags, seja o primeiro a adicionar uma tag!

MARC

LEADER 00000nam a2200000Ia 4500
008 170316s9999 xx 000 0 und d
040 |a cru BVZT 
090 |a 860 M-7e 
100 |a Martí, José 
245 |a La edad de oro 
250 |a 2 
260 |a Buenos Aires, Argentina 
260 |b Huemul 
260 |c 1966 
300 |a 262 páginas 
650 |a LITERATURA LATINOAMERICANA 
999 |c 8982  |d 8982 
942 |c 15 D  |h 860 M-7e  |2 z